000 00213 a2200097 4500
001 42558
100 _aNewman B
245 _aReport on Indo China
260 _aLondon
_bRobert hale lit
_c
090 _c26468
_d26468
942 _aNUST-CAE
_cM
_c18300
999 _c277631
_d277631